Činorodé životné dielo. /Mudroch, Ján./ Nedožité sedemdesiatiny nár. umelca Jána Mudrocha

Bibliographic Details
Main Authors: J.F (Author), Fuchs, Juraj (Author)
Format: Article
Language:Slovak
Subjects:

MARC

LEADER 00000nab a2200000 a 4500
001 vtls000024618
003 SK-MaSNL
005 20260303031049.0
008 160211c1979 xo 0 slo
015 |a SNBRB19rr/mm-uuuuu 
035 |a CL0034712 
040 |a SNKBUCL  |b slo  |c SNKBUCL  |e AACR2 
041 0 |a slo 
044 |a xo  |c SK 
080 |a 75  |2 1981 
080 |a 92 Mudroch, Ján  |2 1981 
100 1 |a J.F.  |4 aut  |9 441688 
245 1 0 |a Činorodé životné dielo. /Mudroch, Ján./  |b Nedožité sedemdesiatiny nár. umelca Jána Mudrocha  |c J.F. ; Juraj Fuchs 
600 1 7 |a Mudroch, Ján,  |d 1909-1968  |2 snkbucl  |9 118104 
655 7 |a články z novín a časopisov  |2 snkbucl  |9 267496 
700 1 |a Fuchs, Juraj  |4 aut  |9 5052 
773 0 |t Práca  |g Roč. 34, č. 74 (28. 3. 1979), s. 7 
850 |a Slovenská národná knižnica v Martine  |a MTA001 
852 |a SNK  |b KIS3GCP 
958 |a RK 
992 |a RBX 
999 |c 1655730  |d 1657660